Las muñecas de la mafia : primera parte /
Presentación en DVD que reúne en seis volúmenes con un total de veinticuatro capítulos, la primera parte de la serie Las muñecas de la mafia. Originalmente esta serie fue transmitida en 92 episodios por Caracol Televisión de Colombia, de septiembre de 2009 a marzo de 2010. Allí se narra los interese...
Guardado en:
| 主要作者: | |
|---|---|
| 其他作者: | , , , , |
| 格式: | |
| 語言: | 西班牙语 |
| 主題: | |
| 標簽: |
沒有標簽, 成為第一個標記此記錄!
|
MARC
| LEADER | 00000ngm^a2200000^a^4500 | ||
|---|---|---|---|
| 001 | 000313211 | ||
| 005 | 20250521000000.0 | ||
| 009 | 20260310113136.777 | ||
| 037 | |a Acervo ITESO - Biblioteca | ||
| 041 | |a ESP | ||
| 082 | |a 320. 9861 |b MUÑ V. 1 | ||
| 100 | |a Restrepo, Luis Alberto |e (dir. general) | ||
| 245 | 1 | 4 | |a Las muñecas de la mafia : |b primera parte / |c Dir. general de L.A. Restrepo. |
| 264 | |a México : |b Quality Films [distribución], |c copyright fecha no identificada | ||
| 300 | |a 6 DVD regiones 1 y 4 |c (varias duraciones) | ||
| 336 | |a imagen móvil bidimensional |b tdi |2 rdacontenido | ||
| 337 | |a video |b v |2 rdamedio | ||
| 338 | |a videodisco |b vd |2 rdasoporte | ||
| 500 | |a Basado en: Las fantásticas, de Andrés López López | ||
| 520 | |a Presentación en DVD que reúne en seis volúmenes con un total de veinticuatro capítulos, la primera parte de la serie Las muñecas de la mafia. Originalmente esta serie fue transmitida en 92 episodios por Caracol Televisión de Colombia, de septiembre de 2009 a marzo de 2010. Allí se narra los intereses de seis hermosas mujeres hermosas quienes llevadas por el amor, la necesidad o la ambición se ven involucradas con personalidades del mundo del narcotráfico. | ||
| 649 | |a XX | ||
| 650 | |a Escritores Colombianos | ||
| 650 | |a Mujeres Colombianas - |x Condiciones Sociales y Culturales - |x Tema Principal | ||
| 650 | |a Mujeres en la Televisión | ||
| 650 | |a Narcotraficantes Colombianos - |x Condiciones Sociales y Culturales - |x Tema Principal | ||
| 650 | |a Series Policíacas | ||
| 650 | |a Series Dramáticas | ||
| 650 | |a Series de Televisión | ||
| 650 | |a Televisión - |z Colombia - |y 2000-2009 | ||
| 650 | |a Televisión - |z Colombia - |y Siglo XXI | ||
| 650 | |a Novela Colombiana - |x Adaptaciones para Televisión | ||
| 650 | |a Narconovela - |z Colombia - |x Adaptaciones para Televisión | ||
| 650 | |a Literatura Colombiana - |y Siglo XXI - |x Adaptaciones para Televisión | ||
| 650 | |a Literatura y Televisión | ||
| 650 | |a Narcotráfico - |z Colombia | ||
| 650 | |a Crimen Organizado - |z Colombia | ||
| 650 | |a Relaciones de Pareja | ||
| 650 | |a Conflicto (Relaciones Personales) | ||
| 650 | |a López López, Andrés | ||
| 700 | |a Palacio Pombo, Cristina |e (producción) | ||
| 700 | |a Valencia, Claudia |e (producción ejecutiva) | ||
| 700 | |a Grisales, Amparo |e (actuación) | ||
| 700 | |a Blandón, Angélica |e (actuación) | ||
| 700 | |a Solorzano, Fernando |e (actuación) | ||
| 910 | |a Fondo General | ||
| 920 | |a Audiovisuales - DVDs | ||
| 905 | |a 302 | ||
| 901 | |a 0500201470 |b IT2 |c DVS |i C129023 |u 20250521 | ||
| 901 | |a 0500201473 |b IT2 |c DVS |i C129023 |u 20250521 | ||
| 901 | |a 0500201479 |b IT2 |c DVS |i C129023 |u 20250521 | ||
| 901 | |a 0500201480 |b IT2 |c DVS |i C129023 |u 20250521 | ||
| 901 | |a 0500201476 |b IT2 |c DVS |i C129023 |u 20250521 | ||
| 901 | |a 0500201483 |b IT2 |c DVS |i C129023 |u 20250521 | ||
| 902 | |a https://opac.biblio.iteso.mx/vufind/Record/000313211 | ||